Statistics for Ancient Empires by Picture

Click here to take the quiz!

General Stats

  • This quiz has been taken 105 times
  • The average score is 9 of 12

Answer Stats

Answer% Correct
Mongol
98%
Russian
91%
Spanish
91%
Ottoman
90%
Inca
89%
Egyptian
84%
French
76%
Persian
74%
Byzantine
72%
Austrian
56%
Umayyad
46%
Akkad
38%

Score Distribution

Percentile by Number Answered

Percent of People with Each Score

Your Score History

You have not taken this quiz